El deber de prevención en materia de riesgos del trabajo y su fundamento para las condenas por responsabilidad civil a las ART ante su incumplimiento / (Registro nro. 5896)
[ vista simple ]
| 000 -LEADER | |
|---|---|
| fixed length control field | 01525nab a22002537a 4500 |
| 003 - CONTROL NUMBER IDENTIFIER | |
| control field | OSt |
| 005 - DATE AND TIME OF LATEST TRANSACTION | |
| control field | 20260109235612.0 |
| 008 - FIXED-LENGTH DATA ELEMENTS--GENERAL INFORMATION | |
| fixed length control field | 190605e xxu||||| |||| 00| 0 spa d |
| 040 ## - CATALOGING SOURCE | |
| Transcribing agency | PJ |
| 100 ## - MAIN ENTRY--PERSONAL NAME | |
| 9 (RLIN) | 5145 |
| Personal name | Diplotti, Matías H. |
| 245 13 - TITLE STATEMENT | |
| Title | El deber de prevención en materia de riesgos del trabajo y su fundamento para las condenas por responsabilidad civil a las ART ante su incumplimiento / |
| Statement of responsibility, etc | Matías H. Diplotti. |
| 260 ## - PUBLICATION, DISTRIBUTION, ETC. (IMPRINT) | |
| Place of publication, distribution, etc | Ciudad Autónoma de Buenos Aires : |
| Name of publisher, distributor, etc | Thomson Reuters La Ley, |
| Date of publication, distribution, etc | 2023. |
| 300 ## - PHYSICAL DESCRIPTION | |
| Extent | p. 227-236 |
| 500 ## - GENERAL NOTE | |
| General note | Cita: TR LALEY AR/DOC/1351/2023.<br/><br/> |
| 505 ## - FORMATTED CONTENTS NOTE | |
| Formatted contents note | Sumario: I. Algunos antecedentes en materia de prevención de la Ley de Riesgos de Trabajo (LRT).— II. Marco Normativo Constitucional. Convenios de la Organización Internacional del Trabajo (OIT).— III. El deber de prevención y la jurisprudencia de la CSJN.— IV. Conclusiones. |
| 505 ## - FORMATTED CONTENTS NOTE | |
| Formatted contents note | Fallo comentado: TTrab. N°1, San Miguel ~ 02/03/2023 ~ Gorosito, Alejandro Alberto c. La Segunda Aseguradora de Riesgos del Trabajo SA s/ accidente de trabajo - acción especial. |
| 505 ## - FORMATTED CONTENTS NOTE | |
| Title | ¿Te interesa el texto completo? Solicitalo al correo: koha@justierradelfuego.gov.ar |
| 650 #0 - SUBJECT ADDED ENTRY--TOPICAL TERM | |
| 9 (RLIN) | 1316 |
| Topical term or geographic name as entry element | DERECHO LABORAL |
| 650 #0 - SUBJECT ADDED ENTRY--TOPICAL TERM | |
| 9 (RLIN) | 5144 |
| Topical term or geographic name as entry element | ASEGURADOR POR RIESGOS DEL TRABAJO |
| 650 #0 - SUBJECT ADDED ENTRY--TOPICAL TERM | |
| 9 (RLIN) | 1417 |
| Topical term or geographic name as entry element | ACCIDENTES DE TRABAJO |
| 650 #0 - SUBJECT ADDED ENTRY--TOPICAL TERM | |
| 9 (RLIN) | 4425 |
| Topical term or geographic name as entry element | ACCIDENTE IN ITINERE |
| 773 0# - HOST ITEM ENTRY | |
| Host Biblionumber | 2711 |
| Host Itemnumber | 3168 |
| Place, publisher, and date of publication | Ciudad Autónoma de Buenos Aires : Thomson Reuters La Ley, 1999-2002. |
| Title | Revista de derecho del trabajo. Nº 4 - Julio 2023 |
| 942 ## - ADDED ENTRY ELEMENTS (KOHA) | |
| Source of classification or shelving scheme | |
| Koha item type | Analítica Artículo de Revista |
No hay ítems disponibles.
